000 00641nam a2200217 a 4500
001 68165
003 BD-RjUL
005 20211209081734.0
008 730820s1964 nyua 001 0 eng
035 _a(BD-RjUL)68375
040 _aDLC
_cCtS
_dOCoLC
_dDLC
_dBD-RjUL
_beng
041 _aeng
082 _223
_a511
_bFRS 1964
100 1 _aFriend, J. Newton
_q(John Newton),
_d1881-
_9202066
245 1 0 _aStill more numbers :
_bfun & facts /
_cJ Newton Friend
260 _aNew York :
_bScribner,
_c1964
300 _axiii, 206 p. :
_bill. ;
_c19 cm.
500 _aIncludes index
650 0 _aMathematical recreations.
_9152402
942 _2ddc
_cBK
999 _c68165
_d68165